[Event "Privolzhskogo FO-ch"]
[Site "Togliatti"]
[Date "2011.03.18"]
[Round "9"]
[White "Skomorokhin, Roman"]
[Black "Vasiliev, Vladislav"]
[Result "1-0"]
[WhiteElo "2415"]
[BlackElo "2206"]
[PlyCount "73"]
[EventDate "2011.03.10"]
[EventType "swiss"]
[EventRounds "9"]
[EventCountry "RUS"]
[SourceTitle "CBM 141 Extra"]
[Source "ChessBase"]
[SourceDate "2011.05.03"]
[SourceVersion "1"]
[SourceVersionDate "2011.05.03"]
[SourceQuality "1"]

1. d4 Nf6 2. c4 g6 3. Nf3 Bg7 4. g3 0-0 5. Bg2 d6 6. 0-0 Nbd7 7. Qc2 e5 8. Rd1 Re8 9. e4 exd4 10. Nxd4 a6 11. f3 Rb8 12. Be3 Qe7 13. Nc3 c5 14. Nde2 Ne5 15. Nf4 Qf8 16. b3 b5 17. cxb5 axb5 18. Qd2 b4 19. Na4 g5 20. Nd3 Nfd7 21. Nxe5 Nxe5 22. Bxg5 f5 23. Bf4 fxe4 24. fxe4 Bg4 25. Rf1 Qe7 26. Nb2 Rf8 27. Rac1 Ra8 28. Nc4 Nxc4 29. Rxc4 Ra6 30. e5 dxe5 31. Bg5 Rxf1+ 32. Bxf1 Qd7 33. Rxg4 Qxg4 34. Bxa6 h5 35. Qd5+ Kh8 36. Qa8+ Kh7 37. Bd3+ 1-0

[Event "Privolzhskogo FO-ch"]
[Site "Togliatti"]
[Date "2011.03.12"]
[Round "3"]
[White "Vasiliev, Vladislav"]
[Black "Konnov, Oleg"]
[Result "1-0"]
[WhiteElo "2206"]
[BlackElo "2334"]
[PlyCount "79"]
[EventDate "2011.03.10"]
[EventType "swiss"]
[EventRounds "9"]
[EventCountry "RUS"]
[SourceTitle "CBM 141 Extra"]
[Source "ChessBase"]
[SourceDate "2011.05.03"]
[SourceVersion "1"]
[SourceVersionDate "2011.05.03"]
[SourceQuality "1"]

1. d4 Nf6 2. c4 c5 3. d5 b5 4. cxb5 a6 5. bxa6 Bxa6 6. Nc3 d6 7. g3 Nbd7 8. Nf3 g6 9. Bg2 Bg7 10. 0-0 Nb6 11. Bf4 0-0 12. b3 Ng4 13. Rc1 Bb7 14. e4 Nd7 15. Qc2 Nge5 16. Nxe5 Nxe5 17. Rfd1 Ba6 18. h3 Qa5 19. Bf1 Nf3+ 20. Kg2 Nd4 21. Qd2 f5 22. Bxa6 Qxa6 23. Qe3 fxe4 24. Qxe4 Qb7 25. Rd2 Rf7 26. Rb1 Qb4 27. Ne2 g5 28. Be3 Nf5 29. Qd3 c4 30. bxc4 Nxe3+ 31. fxe3 Qc5 32. Nd4 Bxd4 33. Qxd4 Qa5 34. Rf1 Rxf1 35. Kxf1 Rf8+ 36. Ke2 Qa4 37. h4 Qd7 38. Qe4 Kh8 39. Kd3 Qh3 40. Qg2 1-0

[Event "Moscow op-B"]
[Site "Moscow"]
[Date "2010.02.07"]
[Round "9.64"]
[White "Vasiliev, Vladislav"]
[Black "Sakhvadze, Georgy"]
[Result "1-0"]
[WhiteElo "2232"]
[BlackElo "2041"]
[PlyCount "65"]
[EventDate "2010.01.30"]
[EventType "swiss"]
[EventRounds "9"]
[EventCountry "RUS"]
[SourceTitle "EXT 2023"]
[Source "ChessBase"]
[SourceDate "2022.10.05"]
[SourceVersion "1"]
[SourceVersionDate "2022.10.05"]
[SourceQuality "1"]

1. Nf3 Nf6 2. d3 g6 3. Nbd2 Bg7 4. e4 d6 5. Be2 Nh5 6. Nc4 e5 7. g3 b5 8. Ne3 c6 9. 0-0 0-0 10. Ne1 Nf6 11. f4 exf4 12. gxf4 c5 13. Bf3 Bh3 14. e5 Bxf1 15. Nxf1 d5 16. exf6 Bxf6 17. Ne3 a5 18. Nxd5 Bd4+ 19. Kh1 Ra6 20. c3 Bg7 21. Be3 Nd7 22. Ng2 b4 23. Qd2 Nb6 24. c4 Nxd5 25. Bxd5 Bd4 26. Qf2 Qf6 27. Bxd4 cxd4 28. Re1 b3 29. axb3 Ra7 30. Re5 a4 31. Qxd4 Re7 32. bxa4 Rfe8 33. Re4 1-0

[Event "Nabereznye Chelny op 8th"]
[Site "Nabereznye Chelny"]
[Date "2010.01.24"]
[Round "6"]
[White "Zaynutdinov, Iskander"]
[Black "Vasiliev, Vladislav"]
[Result "0-1"]
[WhiteElo "1986"]
[BlackElo "2232"]
[PlyCount "126"]
[EventDate "2010.01.19"]
[EventType "swiss"]
[EventRounds "9"]
[EventCountry "RUS"]
[SourceTitle "CBM 134 Extra"]
[Source "ChessBase"]
[SourceDate "2010.03.03"]
[SourceVersion "1"]
[SourceVersionDate "2010.03.03"]
[SourceQuality "1"]

1. e4 e6 2. d4 d5 3. exd5 exd5 4. Bd3 Nc6 5. c3 Bd6 6. h3 Nge7 7. Ne2 Bf5 8. Bf4 0-0 9. Bxf5 Nxf5 10. 0-0 Re8 11. Bxd6 Nxd6 12. Nd2 Qf6 13. Ng3 g6 14. Qc2 Re6 15. Qb3 Qf4 16. Rad1 Rd8 17. Nf3 Nc4 18. Rfe1 Rf6 19. Qc2 Qh6 20. Nh2 Qh4 21. Ng4 Rfd6 22. b3 Nb6 23. Qd2 Nd7 24. Qf4 Kg7 25. Qd2 f5 26. Nh2 f4 27. Nf3 Qf6 28. Nf1 Rf8 29. Re2 Qf5 30. Qd3 g5 31. Qxf5 Rxf5 32. N1h2 h5 33. g4 fxg3 34. fxg3 Nf6 35. Nd2 a5 36. Kg2 b5 37. Ndf1 g4 38. h4 Ne4 39. Ne3 Rf3 40. Nxf3 gxf3+ 41. Kxf3 Rf6+ 42. Kg2 Nxc3 43. Red2 Nxd1 44. Rxd1 Ne7 45. Rf1 Re6 46. Kf3 c6 47. Re1 Kg6 48. Rg1 Re4 49. Rd1 b4 50. g4 Nc8 51. Rc1 Na7 52. gxh5+ Kxh5 53. Rc5 Rxh4 54. Rxa5 Nb5 55. Nxd5 Nxd4+ 56. Ke3 Nf5+ 57. Kd3 Rd4+ 58. Kc2 cxd5 59. a3 Ne3+ 60. Kc1 bxa3 61. Rxa3 Kg4 62. b4 Rd1+ 63. Kb2 Nc4+ 0-1

[Event "Nabereznye Chelny op 8th"]
[Site "Nabereznye Chelny"]
[Date "2010.01.23"]
[Round "5"]
[White "Vasiliev, Vladislav"]
[Black "Paley, Alexander"]
[Result "0-1"]
[WhiteElo "2232"]
[BlackElo "2098"]
[PlyCount "98"]
[EventDate "2010.01.19"]
[EventType "swiss"]
[EventRounds "9"]
[EventCountry "RUS"]
[SourceTitle "CBM 134 Extra"]
[Source "ChessBase"]
[SourceDate "2010.03.03"]
[SourceVersion "1"]
[SourceVersionDate "2010.03.03"]
[SourceQuality "1"]

1. d4 d5 2. c4 e6 3. Nc3 c6 4. Nf3 dxc4 5. a4 Bb4 6. Ne5 b5 7. e3 Nf6 8. Bd2 a5 9. axb5 Bxc3 10. Bxc3 cxb5 11. b3 Bb7 12. bxc4 b4 13. Qa4+ Nbd7 14. Bd2 0-0 15. Nc6 Bxc6 16. Qxc6 Qb8 17. Bd3 Rc8 18. Qa4 e5 19. 0-0 exd4 20. exd4 Qd6 21. Rfd1 Ng4 22. g3 Nc5 23. Qc2 Nxd3 24. Qxd3 Ne5 25. Bxb4 axb4 26. Rxa8 Rxa8 27. dxe5 Qxe5 28. Qd8+ Qe8 29. Qxe8+ Rxe8 30. Kf1 Kf8 31. Rb1 Rb8 32. Ke2 Ke7 33. Kd3 Kd6 34. Ra1 b3 35. Kd4 b2 36. Rb1 Rb3 37. h3 Kc6 38. g4 g5 39. f3 h6 40. Ke4 Kc5 41. f4 gxf4 42. Kxf4 Kxc4 43. h4 Kc3 44. Kf5 Kc2 45. Rxb2+ Rxb2 46. Kf6 Rb4 47. g5 hxg5 48. hxg5 Rb5 49. Kxf7 Rxg5 0-1

[Event "Riazan Region-ch"]
[Site "Riazan"]
[Date "2009.10.??"]
[Round "?"]
[White "Vasiliev, Vladimir P"]
[Black "Vasiliev, Vladislav"]
[Result "1/2-1/2"]
[WhiteElo "2358"]
[BlackElo "2232"]
[PlyCount "20"]
[EventDate "2009.10.??"]
[EventType "tourn"]
[EventRounds "13"]
[EventCountry "RUS"]
[SourceTitle "EXT 2012"]
[Source "ChessBase"]
[SourceDate "2011.11.24"]
[SourceVersion "1"]
[SourceVersionDate "2011.11.24"]
[SourceQuality "1"]

1. e4 e5 2. Bc4 Nf6 3. d3 Bc5 4. c3 Nc6 5. Nf3 0-0 6. b4 Bb6 7. a4 a6 8. a5 Ba7 9. Bg5 d6 10. h3 h6 1/2-1/2

[Event "Privolzhskogo FO-ch"]
[Site "Kazan"]
[Date "2009.01.26"]
[Round "6"]
[White "Vasiliev, Vladislav"]
[Black "Skomorokhin, Roman"]
[Result "0-1"]
[WhiteElo "2235"]
[BlackElo "2413"]
[PlyCount "88"]
[EventDate "2009.01.21"]
[EventType "swiss"]
[EventRounds "9"]
[EventCountry "RUS"]
[SourceTitle "EXT 2010"]
[Source "ChessBase"]
[SourceDate "2010.11.25"]
[SourceVersion "1"]
[SourceVersionDate "2010.11.25"]
[SourceQuality "1"]

1. d4 d5 2. c4 c6 3. Nf3 Nf6 4. b3 Bg4 5. h3 Bxf3 6. exf3 dxc4 7. bxc4 e5 8. dxe5 Qa5+ 9. Bd2 Qxe5+ 10. Qe2 Nbd7 11. Bc3 Qxe2+ 12. Bxe2 Bd6 13. 0-0 0-0-0 14. Rd1 Rhe8 15. Kf1 Be5 16. Bxe5 Rxe5 17. Nc3 Nc5 18. Rxd8+ Kxd8 19. Rd1+ Kc7 20. f4 Re7 21. f5 Nfe4 22. Nxe4 Rxe4 23. g4 a6 24. Rc1 Rd4 25. Rc3 Rd2 26. a3 Rb2 27. Re3 Kd7 28. Re5 f6 29. Re3 h6 30. Bd1 a5 31. f4 Rb1 32. Ke2 Rc1 33. g5 Rxc4 34. g6 Re4 35. Bc2 Rxe3+ 36. Kxe3 Kd6 37. Kd4 b5 38. Bd1 Na6 39. Bf3 Nc7 40. a4 bxa4 41. Bd1 a3 42. Kc3 Nd5+ 43. Kb3 a2 44. Kxa2 Nb4+ 0-1

[Event "Korolev-ch"]
[Site "Korolev"]
[Date "2000.??.??"]
[Round "2"]
[White "Bogomolov, Evgeny"]
[Black "Vasiliev, Vladislav"]
[Result "1/2-1/2"]
[WhiteElo "2211"]
[BlackElo "2295"]
[PlyCount "71"]
[EventDate "2000.??.??"]
[EventType "swiss"]
[EventRounds "9"]
[EventCountry "RUS"]
[SourceTitle "EXT 2006"]
[Source "ChessBase"]
[SourceDate "2005.11.24"]
[SourceVersion "1"]
[SourceVersionDate "2005.11.24"]
[SourceQuality "1"]

1. e4 d6 2. d4 Nf6 3. Nc3 g6 4. f3 Bg7 5. Be3 c6 6. Qd2 b5 7. g3 Nbd7 8. Bg2 Nb6 9. b3 0-0 10. Nge2 Qc7 11. 0-0 b4 12. Nd1 c5 13. c4 a5 14. Nf2 a4 15. Nd3 Nfd7 16. f4 Bb7 17. Rad1 axb3 18. axb3 Ra3 19. Ndc1 Ba6 20. Bf2 Nf6 21. h3 Bb7 22. d5 Rfa8 23. g4 Nfd7 24. Kh1 R8a7 25. g5 Qc8 26. h4 h5 27. Kh2 Nf8 28. Bh3 Qc7 29. Ng3 Bc8 30. Qe2 Bxh3 31. Kxh3 Nbd7 32. Kg2 Qc8 33. Be3 Nh7 34. Rf2 Nb6 35. Rdf1 Ra8 36. e5 1/2-1/2

[Event "Korolev-ch"]
[Site "Korolev"]
[Date "2000.??.??"]
[Round "9"]
[White "Salishchev, Yury Kirillovich"]
[Black "Vasiliev, Vladislav"]
[Result "0-1"]
[WhiteElo "2254"]
[BlackElo "2295"]
[PlyCount "105"]
[EventDate "2000.??.??"]
[EventType "swiss"]
[EventRounds "9"]
[EventCountry "RUS"]
[SourceTitle "EXT 2006"]
[Source "ChessBase"]
[SourceDate "2005.11.24"]
[SourceVersion "1"]
[SourceVersionDate "2005.11.24"]
[SourceQuality "1"]

1. e4 e5 2. Nf3 d6 3. d4 f5 4. dxe5 fxe4 5. Nd4 d5 6. Nc3 Nc6 7. Bb5 Nge7 8. Bg5 Qd7 9. Qh5+ g6 10. Qh4 a6 11. Bf6 axb5 12. Nxc6 Nf5 13. Qh3 Rg8 14. g4 bxc6 15. gxf5 Qf7 16. fxg6 Bxh3 17. gxf7+ Kxf7 18. Ne2 c5 19. Bh4 Bh6 20. a3 d4 21. Bg3 Bg2 22. Rg1 Bf3 23. Kf1 d3 24. cxd3 exd3 25. Nc3 b4 26. Nd1 bxa3 27. bxa3 c4 28. Ke1 Rae8 29. Kf1 Rxe5 30. Nc3 Re2 31. Bxc7 Rge8 32. Rg3 Bh5 33. Nxe2 Bxe2+ 34. Kg2 d2 35. Rh3 Bg7 36. Rg1 c3 37. Ba5 Rc8 38. Rxh7 d1Q 39. Rxd1 Bxd1 40. Rh4 c2 41. Bd2 c1Q 42. Bxc1 Rxc1 43. Rf4+ Kg6 44. h4 Be5 45. Rb4 Kf5 46. Rb5 Ke4 47. Rb4+ Bd4 48. Kg3 Rc3+ 49. Kh2 Rxa3 50. f4 Bg4 51. Kg2 Rd3 52. Rb5 Kxf4 53. h5 0-1

[Event "Korolev-ch"]
[Site "Korolev"]
[Date "2000.??.??"]
[Round "8"]
[White "Vasiliev, Vladislav"]
[Black "Kirov, Alexandr"]
[Result "1/2-1/2"]
[WhiteElo "2295"]
[BlackElo "2255"]
[PlyCount "120"]
[EventDate "2000.??.??"]
[EventType "swiss"]
[EventRounds "9"]
[EventCountry "RUS"]
[SourceTitle "EXT 2006"]
[Source "ChessBase"]
[SourceDate "2005.11.24"]
[SourceVersion "1"]
[SourceVersionDate "2005.11.24"]
[SourceQuality "1"]

1. d4 d5 2. c4 e6 3. Nc3 c6 4. e3 Nf6 5. Nf3 Bd6 6. Bd3 Nbd7 7. 0-0 0-0 8. e4 dxe4 9. Nxe4 Nxe4 10. Bxe4 h6 11. Re1 Qf6 12. Bc2 Rd8 13. Qd3 Nf8 14. Bd2 b6 15. Bc3 Qf4 16. Re4 Qf5 17. Qe2 Ng6 18. Re1 Ba6 19. Ne5 Bxe5 20. dxe5 c5 21. h4 Nf4 22. Qe3 g5 23. g3 Qg4 24. Bd2 Bb7 25. Rxf4 gxf4 26. Qxf4 Qxf4 27. Bxf4 Kg7 28. Be3 Rac8 29. g4 Bf3 30. g5 h5 31. Kh2 Bg4 32. Be4 Rd7 33. f3 Bf5 34. Bxf5 exf5 35. Kg3 Rcd8 36. Kf4 Kg6 37. a3 Rd3 38. Re2 Rd1 39. b4 cxb4 40. axb4 R1d4+ 41. Bxd4 Rxd4+ 42. Kg3 Rxc4 43. e6 fxe6 44. Rxe6+ Kf7 45. Rf6+ Kg7 46. Rxf5 Rxb4 47. Rd5 a5 48. f4 Rb3+ 49. Kf2 a4 50. f5 a3 51. Rd7+ Kf8 52. f6 Rb5 53. Rd1 a2 54. Ra1 Ra5 55. Ke3 b5 56. Kd3 Ra4 57. Kc3 Rxh4 58. Rxa2 Rg4 59. Ra8+ Kf7 60. Ra7+ Kf8 1/2-1/2

[Event "Bratislava Slovan op"]
[Site "Bratislava"]
[Date "1993.??.??"]
[Round "?"]
[White "Travenec, Igor"]
[Black "Vasiliev, Vladislav"]
[Result "0-1"]
[WhiteElo "2235"]
[BlackElo "2275"]
[PlyCount "80"]
[EventDate "1993.??.??"]
[EventType "swiss"]
[EventRounds "11"]
[EventCountry "SVK"]
[SourceTitle "EXT 1997"]
[Source "ChessBase"]
[SourceDate "1996.11.15"]
[SourceVersion "1"]
[SourceVersionDate "1996.11.15"]
[SourceQuality "1"]

1. c4 g6 2. Nf3 Bg7 3. g3 Nf6 4. Nc3 0-0 5. Bg2 d6 6. 0-0 e5 7. d3 Nc6 8. Rb1 Re8 9. Ne1 Bf5 10. Nd5 Nxd5 11. cxd5 Ne7 12. e4 Bd7 13. Qb3 c6 14. Qxb7 cxd5 15. Bg5 f6 16. Bd2 Bc6 17. Qb3 Rb8 18. Qa3 dxe4 19. Ba5 Qd7 20. dxe4 Bb5 21. Nd3 Nc6 22. Rfd1 Kh8 23. Bc3 f5 24. Nb4 Nd4 25. Bxd4 exd4 26. exf5 Qxf5 27. Nc6 Rbc8 28. Rbc1 Be2 29. Qxd6 Bxd1 30. Rxd1 Re6 31. Qb4 Rexc6 32. Bxc6 Rxc6 33. Re1 Rc8 34. Re7 Qd5 35. Qe1 Qxa2 36. Qe4 Qg8 37. Rxa7 Rd8 38. Qd3 Qd5 39. b4 Qf5 40. Qc4 Rf8 0-1

[Event "Bratislava Slovan op"]
[Site "Bratislava"]
[Date "1993.??.??"]
[Round "?"]
[White "Vasiliev, Vladislav"]
[Black "Petrik, Karol"]
[Result "1-0"]
[WhiteElo "2275"]
[BlackElo "2265"]
[PlyCount "73"]
[EventDate "1993.??.??"]
[EventType "swiss"]
[EventRounds "11"]
[EventCountry "SVK"]
[SourceTitle "EXT 1997"]
[Source "ChessBase"]
[SourceDate "1996.11.15"]
[SourceVersion "1"]
[SourceVersionDate "1996.11.15"]
[SourceQuality "1"]

1. d4 Nf6 2. c4 g6 3. Nc3 Bg7 4. e4 d6 5. f3 0-0 6. Bg5 c5 7. d5 e6 8. Qd2 e5 9. h4 a6 10. g4 b5 11. cxb5 axb5 12. Nxb5 Ba6 13. a4 Bxb5 14. Bxb5 Ra7 15. Ne2 Qc8 16. 0-0-0 Ne8 17. Nc3 f6 18. Be3 Nc7 19. Bc4 Nd7 20. h5 Nb6 21. Bb3 Qa6 22. hxg6 hxg6 23. Bh6 Rf7 24. Bxg7 Rxg7 25. g5 Nd7 26. f4 fxg5 27. fxg5 Nf8 28. Rdf1 Ra8 29. Qh2 Nh7 30. Rf6 Rf8 31. Rxg6 Rf1+ 32. Bd1 Rxh1 33. Rxg7+ Kxg7 34. Qxh1 Nxg5 35. Qh4 Nf7 36. Qe7 Qa7 37. Bh5 1-0

[Event "URS-sf"]
[Site "Voronezh"]
[Date "1991.??.??"]
[Round "?"]
[White "Vasiliev, Vladislav"]
[Black "Kislov, Mikhail"]
[Result "0-1"]
[WhiteElo "2305"]
[BlackElo "2430"]
[PlyCount "138"]
[EventDate "1991.??.??"]
[EventType "swiss"]
[EventRounds "12"]
[EventCountry "URS"]
[SourceTitle "CBM 022 Extra"]
[Source "ChessBase"]
[SourceDate "1991.07.01"]
[SourceVersion "1"]
[SourceVersionDate "1991.07.01"]
[SourceQuality "1"]

1. d4 Nf6 2. Nf3 g6 3. Bg5 Bg7 4. Nbd2 d6 5. e4 0-0 6. Be2 Nbd7 7. c3 h6 8. Bh4 e5 9. dxe5 dxe5 10. 0-0 Qe7 11. Qc2 Re8 12. Rfe1 a5 13. Nc4 b6 14. Ne3 Bb7 15. Nd2 Qc5 16. Rad1 b5 17. Bf1 a4 18. f3 c6 19. Bf2 Qe7 20. a3 Bf8 21. Nb1 Qe6 22. Re2 Nc5 23. Nd2 Red8 24. Ree1 Qe7 25. Bh4 Ne6 26. Nb1 Kg7 27. Rxd8 Rxd8 28. Rd1 Qc7 29. Rxd8 Qxd8 30. Qd2 Bc5 31. Bf2 Qb6 32. h4 Bc8 33. Kh2 Nf8 34. Bd3 Be6 35. Qe2 N8d7 36. Nd2 Qd8 37. g3 g5 38. hxg5 hxg5 39. Ndf1 Qh8+ 40. Kg1 Qh3 41. g4 Nf8 42. Ng3 Bxe3 43. Qxe3 Qh6 44. Qc5 Ng6 45. Qxc6 Nh4 46. Be2 Bc4 47. Nf5+ Nxf5 48. Bxc4 bxc4 49. gxf5 Qh3 50. Qd6 g4 51. Qxe5 gxf3 52. Qh2 Qxh2+ 53. Kxh2 Nxe4 54. Bd4+ Kh6 55. Be3+ Kh5 56. Kh3 f6 57. Bc1 f2 58. Kg2 Kg4 59. Be3 Kxf5 60. Bh6 Kg4 61. Be3 f5 62. Bb6 f4 63. Ba7 f1Q+ 64. Kxf1 Kf3 65. Bb6 Ng3+ 66. Kg1 Ke2 67. Bc7 Nh5 68. Kh2 f3 69. Bb6 f2 0-1

[Event "URS-sf"]
[Site "Voronezh"]
[Date "1991.??.??"]
[Round "?"]
[White "Vasiliev, Vladislav"]
[Black "Kron, Valentin"]
[Result "1/2-1/2"]
[WhiteElo "2305"]
[BlackElo "2395"]
[PlyCount "31"]
[EventDate "1991.??.??"]
[EventType "swiss"]
[EventRounds "12"]
[EventCountry "URS"]
[SourceTitle "CBM 022 Extra"]
[Source "ChessBase"]
[SourceDate "1991.07.01"]
[SourceVersion "1"]
[SourceVersionDate "1991.07.01"]
[SourceQuality "1"]

1. d4 Nf6 2. c4 c5 3. d5 b5 4. cxb5 a6 5. f3 e6 6. e4 exd5 7. exd5 Bd6 8. Qe2+ Kf8 9. Nc3 axb5 10. Nxb5 Ba6 11. Qd2 Qe7+ 12. Kf2 h6 13. Nxd6 Qxd6 14. Ne2 Qxd5 15. Qxd5 Nxd5 16. Nf4 1/2-1/2